000 00861nam a2200253Ia 4500
003 GCL
008 140319s9999 xx 000 0 ara d
040 _aGCL /
_cGCL
082 0 4 _a808.83
_bس ق
100 1 _aموم , سومرست
245 1 0 _aقصص من الشرق والغرب : مختارات من البرنامج الثانى /
_cموم , سومرست
700 1 _aجوركى، ماكسيم
700 1 _aستينبك، جون
700 1 _aعدلى نور (ترجمة)
700 1 _aمحمد يس العيوطى (ترجمة)
700 1 _aامين عطوة
300 _a95 ص
490 _aكتب ثقافية
_v0
650 0 4 _aالقصص القصيرة
650 0 4 _aالادب العالمى المترجم
650 0 4 _aالقصص العربية القصيرة - مصر
650 0 4 _aالقصص - مجموعات
942 _2ddc
_cBK
999 _c47658
_d47658